Andrés Quintana Roo : patricio excelso /

Estudio biográfico acerca del periodista y político mexicano Andrés Quintana Roo, quien se afilió a los insurgentes y difundió sus ideas en el Semanario Patriótico Americano y el el Ilustrador Americano, también presidió la Asamblea Nacional Constituyente, que hizo la declaratoria de la Independenci...

Description complète

Enregistré dans:
Détails bibliographiques
Auteur principal: Osorio y Carvajal, Ramón (autor)
Format: Livre
Langue:espagnol
Publié: México : Secretaría de Educación Pública, Subsecretaría de Asuntos Culturales, 1967, c1967
Collection:(Cuadernos de Lectura Popular ; 117)
(El Hombre en la Historia)
Sujets:
Tags: Ajouter un tag
Pas de tags, Soyez le premier à ajouter un tag!

MARC

LEADER 00000nam^a2200000^a^4500
001 000137777
005 20250521000000.0
009 20260310095404.794
037 |a Acervo ITESO - Biblioteca 
041 |a ESP 
082 |a 808. 88  |b CUA V. 117 
100 |a Osorio y Carvajal, Ramón  |e (autor) 
245 1 0 |a Andrés Quintana Roo :  |b patricio excelso /  |c R. Osorio y Carvajal. 
264 4 |a México :  |b Secretaría de Educación Pública, Subsecretaría de Asuntos Culturales,  |c 1967, c1967 
300 |a 57 p. 
336 |a texto  |b txt  |2 rdacontenido 
337 |a sin mediación  |b n  |2 rdamedio 
338 |a volumen  |b nc  |2 rdasoporte 
440 1 |a (Cuadernos de Lectura Popular ;  |v 117) 
440 4 |a (El Hombre en la Historia) 
520 |a Estudio biográfico acerca del periodista y político mexicano Andrés Quintana Roo, quien se afilió a los insurgentes y difundió sus ideas en el Semanario Patriótico Americano y el el Ilustrador Americano, también presidió la Asamblea Nacional Constituyente, que hizo la declaratoria de la Independencia en 1813. 
649 |a XX 
650 |a Independentistas Mexicanos 
650 |a Revolucionarios Mexicanos 
650 |a Políticos Mexicanos 
650 |a México -  |x Historia -  |y Guerra de Independencia, 1810-1821 
650 |a México -  |x Historia -  |y Regencia e Imperio, 1821-1823 
650 |a México -  |x Historia -  |y Poder Ejecutivo, 1823-1824 
650 |a México -  |x Historia -  |y Federalismo y Centralismo, 1824-1853 
650 |a Quintana Roo, Andrés 
910 |a Fondo Salvador Reynoso Reynoso 
920 |a Impresos - Libros 
930 |a Fondos Especiales 
940 |a Literatura 
905 |a 112 
901 |a 0800014267  |b IT2  |c ESP  |u 20250521 
902 |a https://opac.biblio.iteso.mx/vufind/Record/000137777